000 00201 a2200097 4500
020 _a9780394829081
041 _aeng
100 _aberesntain,jan
245 _aThe Berenstain bears New Baby
942 _cBK
999 _c31815
_d31813